Republic of Poland : Financial Sector Assessment Program-Technical Note-Stress Testing and Systemic Risk Analysis.

This Technical Note on Stress Testing and Systemic Risk Analysis for the Republic of Poland discusses that Poland's financial system is dominated by the banking sector, with significant state participation and foreign ownership. The banking system shows resiliency to adverse shocks in the aggre...

Fuld beskrivelse

Bibliografiske detaljer
Institution som forfatter: International Monetary Fund. Monetary and Capital Markets Department
Format: Tidsskrift
Sprog:English
Udgivet: Washington, D.C. : International Monetary Fund, 2019.
Serier:IMF Staff Country Reports; Country Report ; No. 2019/120
Online adgang:Full text available on IMF
LEADER 02277cas a2200241 a 4500
001 AALejournalIMF019296
008 230101c9999 xx r poo 0 0eng d
020 |c 5.00 USD 
020 |z 9781498313155 
022 |a 1934-7685 
040 |a BD-DhAAL  |c BD-DhAAL 
110 2 |a International Monetary Fund.  |b Monetary and Capital Markets Department. 
245 1 0 |a Republic of Poland :   |b Financial Sector Assessment Program-Technical Note-Stress Testing and Systemic Risk Analysis. 
264 1 |a Washington, D.C. :  |b International Monetary Fund,  |c 2019. 
300 |a 1 online resource (78 pages) 
490 1 |a IMF Staff Country Reports 
500 |a <strong>Off-Campus Access:</strong> No User ID or Password Required 
500 |a <strong>On-Campus Access:</strong> No User ID or Password Required 
506 |a Electronic access restricted to authorized BRAC University faculty, staff and students 
520 3 |a This Technical Note on Stress Testing and Systemic Risk Analysis for the Republic of Poland discusses that Poland's financial system is dominated by the banking sector, with significant state participation and foreign ownership. The banking system shows resiliency to adverse shocks in the aggregate, however, some other systemically important institutions (OSIIs) show weakness. While the adverse retail event had a limited impact, the wholesale event affected some large banks in the system. Interbank analyses showed that any destabilization to affiliating banks could cause severe distress to the affiliated cooperative banks. This finding strengthens the reasons for the authorities to address identified weaknesses in the affiliating banks. Moreover, banks large holdings of sovereign bonds and the substantial presence of state-controlled banks cause a significant sovereign-bank nexus in Poland. In order to avoid incentives for banks to hold sovereign debt, the Financial Sector Assessment Program team recommends that the Financial Institution Asset Tax is redesigned on grounds of both financial stability and efficiency. 
538 |a Mode of access: Internet 
830 0 |a IMF Staff Country Reports; Country Report ;  |v No. 2019/120 
856 4 0 |z Full text available on IMF  |u http://elibrary.imf.org/view/journals/002/2019/120/002.2019.issue-120-en.xml  |z IMF e-Library